Electron-beam irradiation of poly(vinyl chloride)/epoxidised natural rubber blends in presence of trimethylolpropane triacrylate (Record no. 58535)

MARC details
000 -LEADER
fixed length control field 00559nam a2200181Ia 4500
100 ## - MAIN ENTRY--AUTHOR NAME
Personal name Ratnam C T
245 #0 - TITLE STATEMENT
Title Electron-beam irradiation of poly(vinyl chloride)/epoxidised natural rubber blends in presence of trimethylolpropane triacrylate
260 ## - PUBLICATION, DISTRIBUTION, ETC. (IMPRINT)
Name of publisher Journal of Applied Polymer Science
Year of publication 2001
300 ## - PHYSICAL DESCRIPTION
Number of Pages 1926-35
500 ## - GENERAL NOTE
General note Source Year: 2001
650 ## - SUBJECT ADDED ENTRY--TOPICAL TERM
Topical Term Electron-beam irradiation
700 ## - ADDED ENTRY--PERSONAL NAME
Personal name Baharin A
700 ## - ADDED ENTRY--PERSONAL NAME
Personal name Nasir M
700 ## - ADDED ENTRY--PERSONAL NAME
Personal name Zaman K
856 ## - ELECTRONIC LOCATION AND ACCESS
Uniform Resource Identifier RAPRA.39(12)
942 ## - ADDED ENTRY ELEMENTS (KOHA)
Koha item type Journals
Holdings
Withdrawn status Lost status Damaged status Not for loan Home library Current library Shelving location Date acquired Serial Enumeration / chronology Koha item type
      Journals RRII Library RRII Library Rubber chemistry 01/01/2021 Volume 81, Issue 8 Journals